LEADER 01042cam0 2200277 450 001 E600200067382 005 20201204075407.0 100 $a20101014d1987 |||||ita|0103 ba 101 $ager$afre 102 $aDE 200 1 $aDie Selbstbehauptung der deutschen Universitaet$eRede, gehalten bei der feierlichen Übernahme des Rektorats der Universität Freiburg im Br. am 27.5.1933$fMartin Heidegger 205 $a2. éd. revue et corrigée 210 $aBreslau$cKorn$d1987 215 $a46 p.$d22 cm 225 2 $aT.E.R$hbilingue 410 1$1001LAEC00028871$12001 $a*T.E.R. bilingue 700 1$aHeidegger$b, Martin$3AF00018667$4070$010351 801 0$aIT$bUNISOB$c20201204$gRICA 850 $aUNISOB 852 $aUNISOB$j100|Opusc$m53091 912 $aE600200067382 940 $aM 102 Monografia moderna SBN 941 $aM 957 $a100|Opusc$b000294$gSi$d53091$racquisto$1beth$2UNISOB$3UNISOB$420101015060820.0$520201204075337.0$6Spinosa 996 $aDie Selbstbehauptung der deutschen Universitaet$91703098 997 $aUNISOB LEADER 01549nam 2200361Ia 450 001 996388854503316 005 20200824132156.0 035 $a(CKB)1000000000636477 035 $a(EEBO)2240955773 035 $a(OCoLC)ocm12240333e 035 $a(OCoLC)12240333 035 $a(EXLCZ)991000000000636477 100 $a19850708d1645 uy | 101 0 $aeng 135 $aurbn||||a|bb| 200 13$aAn historicall relation of the military government of Gloucester, from the beginning of the Civill Warre betweene King and Parliament, to the removall of Colonell Massie from that government to the command of the westerne forces$b[electronic resource] /$fby John Corbet .. 210 $aLondon $cPrinted by M.B. for Robert Bostock ...$d1645 215 $a[6], 140 [i.e. 138] p 300 $aWrongly ascribed in the Wing catalogue to John Corbet, 1603-1641. 300 $a"Published by authority" 300 $aErrata: p. [6]. 300 $aReproduction of original in Thomason Collection, British Library. 330 $aeebo-0158 607 $aGreat Britain$xHistory$yCivil War, 1642-1649 700 $aCorbet$b John$f1620-1680.$01001812 801 0$bEAA 801 1$bEAA 801 2$bm/c 801 2$bWaOLN 906 $aBOOK 912 $a996388854503316 996 $aAn historicall relation of the military government of Gloucester, from the beginning of the Civill Warre betweene King and Parliament, to the removall of Colonell Massie from that government to the command of the westerne forces$92420330 997 $aUNISA